Gaming Quiz

Random Gaming or Video Games Quiz

Impossible Black Ops 3 Quiz Stats

 Plays Quiz not verified by Sporcle

Challenge
Share
Tweet
Embed
Score 0/70 Timer 20:00
2 Plays Today
Hint Answer % Correct
Name the Laucnher with vehicle lock-on. (It's rocket ammo capacity is 4)Blackcell
80.2%
How many bullets are in the magazine of the Pharo (no extended mag)40
78.9%
The Sniper Rifles are: Drakon, _________, P-06, and SVG-100Locus
74.6%
The last attachment that can be unlocked for pistols is:Dual Wield
67.4%
This perk reduces the effects of flash bangs, concussions, and shock chargesTactical Mask
66.2%
How many bullets are in the Sheiva (no extended mag)20
58.7%
The Reaper Specialist has the ability of Psychosis and _________.Scythe
54.7%
________ allows you to take a primary weapon as your second weapon.Overkill
54.7%
6-round auto-burst machine gun. Each burst fires at a rapid fire rate:48 Dredge
54%
This Specialist has the Active Camo ability:Spectre
49.9%
During an online match, the teams are Black Ops vs _______.CDP
48.3%
This Specialist has the Glitch ability:Prophet
45.5%
Emergency Exit signs at Metro are the color:Green
45.5%
The Perk 1 perks include: Afterburner, Blind Eye, Sixth Sense, Flak Jacket, _________. and Ghost.Overclock
44.4%
What perk allows you to cook grenades while sprinting?Gung-ho
43.8%
The worst possible K/D is _.__ (#.##)0.00
40.7%
The final shotgun is unlocked at level 37. What is it?Argus
40.6%
In this game mode, teams alternate in attacking and defending two bomb sites, both of which must be destroyed by the attacking team equipped with bombs.Demolition
37.2%
Call of Duty Black Ops 3 was published by what company?Activision
37.1%
The word in red on the front screen of C4 is ______.Armed
36.5%
If a player kills himself during a multiplayer match, the feed says this phrase '______ ______ _____'Mistakes were made
34.3%
This score streak requires 900 points:Cerberus
34.2%
Max amount of players in a local lobby:18
33.8%
The L-CAR9 is unlocked at what level?49
31.4%
To be rewarded with a Mothership, you must have _________ points.1700
31.2%
This score streak requires 650 points:Dart
30.8%
The Razorback is unlocked at what level?46
30.7%
At the map Aquarium, the zoo is closed on what day of the week?Sunday
28.3%
The only map to start with a letter 'R' is ____.Redwood
27.9%
The combat axe is unlocked at level _______.41
26.2%
Black Ops 3 is bringing back a new nuke town map. This is set in the year: _______2065
19.7%
What is the speed limit in km/h at Hunted?20
17.9%
How many wine glasses are in the kitchen at Stronghold26
17.2%
How many wheels are at the map Combine?16
16%
The only gun to have a fire rate of 1 in the whole game:P-06
14.5%
Hint Answer % Correct
Most of the map exodus is considered a _______ zone. (Signs are literally posted everywhere)Quarantine
13.7%
Black Ops 3 was released on what date?November 6
13.5%
How many layers can be added onto a paint job?64
12%
How many trees are within bounds at the map Combine?11
11.3%
At the map Fringe the speed limit is ______ mph15
7.3%
At the map Aquarium, the zoo opens at what time in the morning?9:30
6.6%
The logo for Ruhanga (the hunting company) at Hunted consists of 4 animals. What is the animal that is colored the darkest in the logo?Lion
6.4%
On the kitchen table at the map Combine, there is a pineapple, oranges, bananas, and a _______.Watermelon
6.3%
At the map Aquarium, the gift shop has 3 kinds of stuffed animals. They are sharks, whales, and _______.Seals
6%
At the back of the map Aquarium, there is a distant city in ruins. This city has a giant green ______ _______.Ferris Wheel
6%
The map hunted is located in what country?Ethiopia
5.9%
The map Aquarium is located in ________.Singapore
5.9%
What is the height limit for cars to go under the bridge at hunted? (in meters)4.5
5.3%
Zurich _____ Co. is located on the map Metro.Bread
2.9%
How many lily pads are in the indoor square pool at the map Breach?93
2.9%
The first default calling card is called __________. (Top left corner)Shadows
2.6%
How many seconds was the official trailer for Black Ops 3?128
2.5%
The first default emblem is called _________. (Top left corner)Invasion
2.4%
Who owns the Asian shop at the back of the map at Exodus?(He/She actually has multiple shops in the map)Henry
2.2%
The 5:00 Train is going to what location on Metro?Bern
2.1%
At the map Fringe, what food is being grown?oranges
2.1%
What is the temperature outside at Stronghold?6.1
1.8%
The blue car at Hunted has a license plate that says _________.Hunt22
1.1%
____ Farm Technologies is the company at the map Combine.Terra
1.1%
At the map Fringe, there is a bathtub in the home. It has a painting of a ______ in it.mountain
1.1%
Outside of the map at Aquarium, guests can take a boat voyage. This voyage is called ________ _______ Voyage. (Hint: there is a huge sign)Shark Bait
1%
On the directory map at Stronghold, what is level four?Payroll
0.8%
At the map Aquarium, two of the exhibits are Jellyfish Diver and Reptile _______.Haven
0.8%
Around time is it at the map Combine? 7:26
0.7%
At the map Aquarium, the cafe is named after what animal?Penguin
0.6%
The local market located outside of the map Breach is the ______ MarketFariha
0.6%
At the map Aquarium, the name of the aquarium is __________ Aquarium.Quest
0.4%
Inon Petroleum Inc has what animal as its logo at the map Breach?Camel
0.4%
The slogan for West Auto Repair at the map Fringe is _______ ______ _____we fix everything
0.4%
On the numbered map at Hunted, what is located at 6. ?Gear Shop
0.3%

You're not logged in!

Compare scores with friends on all Sporcle quizzes.
OR
Log In

You Might Also Like...

Show Comments

Extras

Top Quizzes Today


Score Distribution

Your Account Isn't Verified!

In order to create a playlist on Sporcle, you need to verify the email address you used during registration. Go to your Sporcle Settings to finish the process.

Report this User

Report this user for behavior that violates our Community Guidelines.

Details: